Joueurs NBA par photos - Statistiques

Statistiques générales
  • Ce quiz a été pris 168 fois
  • Le résultat moyen est 6 sur 16
Statistiques - réponses
Par images Réponse % Correct
wembanyama
90%
mills
61%
Sengun
61%
Oden
59%
korver
57%
bogut
45%
shumpert
41%
isaac
40%
ariza
38%
gay
35%
Ajinca
31%
calderon
28%
smith
16%
Bargnani
13%
evans
13%
Barbosa
9%
Aucun quiz correspondant
Distribution des résultats
% des personnes avec chaque résultat
Percentile par nombre de réponses
Votre historique - résultats
Vous n’avez pas pris ce quiz